Libro de la constancia / (Record no. 157788)

MARC details
000 -LEADER
campo de control de longitud fija 01048nam a2200265 i 4500
001 - NÚMERO DE CONTROL
campo de control 157788
003 - IDENTIFICADOR DE NÚMERO DE CONTROL
campo de control ES-MaACL
005 - FECHA Y HORA DE LA ÚLTIMA TRANSACCIÓN
campo de control 20250718062545.0
008 - DATOS DE LONGITUD FIJA--INFORMACIÓN GENERAL
campo de control de longitud fija 931025s1616 sp |||| | spa d
100 1# - ENTRADA PRINCIPAL--NOMBRE DE PERSONA
Nombre de persona Lipsius, Justus.
9 (RLIN) 72518
245 10 - MENCIÓN DEL TÍTULO
Título Libro de la constancia /
Mención de responsabilidad, etc. de Iusto Lipsio ; traducido de latin en castellano por Iuan Baptista de Mesa...
260 ## - PUBLICACIÓN, DISTRIBUCIÓN, ETC.
Lugar de publicación, distribución, etc. Impresso en Seuilla :
Nombre del editor, distribuidor, etc. por Matias Clauijo,
Fecha de publicación, distribución, etc. 1616.
300 ## - DESCRIPCIÓN FÍSICA
Extensión [22], 166, [12] p. ;
Dimensiones 4º.
530 ## - NOTA DISPONIBLE DE FORMULARIO FÍSICO ADICIONAL
Nota de formato físico adicional disponible Disponible en formato digital.
594 ## - Nota al título y mención de responsabilidad
Nota al título y mención de responsabilidad Según Nicolás Antonio, y según Escudero, 1058, el verdadero traductor es Tomás Tamayo de Vargas.
596 ## - NOTA AL PIE DE IMPRENTA
NOTA AL PIE DE IMPRENTA Colofón.
597 ## - NOTA DE DESCRIPCIÓN FÍSICA
NOTA DE DESCRIPCIÓN FÍSICA Sing.: ¶4, A-M8.
597 ## - NOTA DE DESCRIPCIÓN FÍSICA
NOTA DE DESCRIPCIÓN FÍSICA Port. con esc. grab. calcográfico.
650 #7 - PUNTO DE ACCESO ADICIONAL DE MATERIA--TÉRMINO DE MATERIA
Término de materia o nombre geográfico como elemento de entrada Ética
Fuente del encabezamiento o término embne
9 (RLIN) 12577
700 1# - ENTRADA AGREGADA--NOMBRE PERSONAL
Nombre de persona Mesa, Juan Bautista.
9 (RLIN) 129870
700 1# - ENTRADA AGREGADA--NOMBRE PERSONAL
Nombre de persona Clavijo, Matías.
9 (RLIN) 126509
852 ## - LOCALIZACIÓN
Ubicación ES-MaACL
Número de control de estantería R-360
Nota libre - Enc. perg.
Encuadernación Olim: B-5987
856 ## - LOCALIZACIÓN Y ACCESO ELECTRÓNICOS
Identificador Uniforme de Recursos <a href="http://bdh-rd.bne.es/viewer.vm?id=0000115002&page=1 ">http://bdh-rd.bne.es/viewer.vm?id=0000115002&page=1 </a>
Nota pública Biblioteca Digital Hispánica
Holdings
Estatus retirado Estado de pérdida Estado de daño No para préstamo Colección Biblioteca de origen Biblioteca actual Ubicación en estantería Fecha de adquisición Fuente de adquisición Total de préstamos Signatura topográfica completa Código de barras Visto por última vez Precio de reemplazo Tipo de ítem Koha
        Colección digital Biblioteca del Ateneo de Madrid Biblioteca del Ateneo de Madrid Depósito 17/01/2008     R-360 1165125 23/02/2023 23/02/2023 Libro impreso antiguo